29-4-1999, dia de l'auto-reflexió : seguiment i valoració de la jornada d'auto-reflexió / Informe de la Secretaria Tècnica de la Xarxa de Ciutats i Pobles cap a la Sostenibilitat seguiment i valoració de la jornada d'auto-reflexió / Informe de la Secretaria Tècnica de la Xarxa de Ciutats i Pobles cap a la Sostenibilitat
Descripción Física:
[46] f. ; 30 cm
MARC
| LEADER | 00000nam a2200000Ia 4500 | ||
|---|---|---|---|
| 001 | 12316 | ||
| 008 | 160829s1999 xx 000 0 cat d | ||
| 080 | |a C-1-62 | ||
| 110 | 2 | |a Xarxa de Ciutats i Pobles cap a la Sostenibilitat |9 53477 | |
| 245 | |a 29-4-1999, dia de l'auto-reflexió : |b seguiment i valoració de la jornada d'auto-reflexió / Informe de la Secretaria Tècnica de la Xarxa de Ciutats i Pobles cap a la Sostenibilitat | ||
| 260 | |a Barcelona : |b Diputació de Barcelona, Àrea de Medi Ambient, |c 1999 | ||
| 300 | |a [46] f. ; |c 30 cm | ||
| 650 | 0 | |a Circulació urbana |9 32526 | |
| 650 | 0 | |a Medi ambient |9 26046 | |
| 901 | |a Arxiu | ||
| 942 | |n 1 | ||
| 952 | |0 0 |1 0 |4 0 |6 C162 |7 1 |9 46019 |a Arxiu |b Arxiu |d 2016-12-01 |l 0 |o C-1-62 |p 12316 |r 2016-12-01 00:00:00 |w 2016-12-01 |y ARXIU | ||
| 999 | |c 49520 |d 49520 | ||